<?xml version="1.0" encoding="UTF-8"?>
<marc:record xmlns:marc="http://www.loc.gov/MARC21/slim">
   <marc:leader>00000nam a2200000 a 4500</marc:leader>
   <marc:datafield ind1="1" ind2=" " tag="100">
      <marc:subfield code="a">Bieniek, Christian</marc:subfield>
      <marc:subfield code="4">aut</marc:subfield>
      <marc:subfield code="e">Verfasser/-in</marc:subfield>
   </marc:datafield>
   <marc:datafield ind1="1" ind2=" " tag="100">
      <marc:subfield code="a">Jablonski, Marlene</marc:subfield>
      <marc:subfield code="4">aut</marc:subfield>
      <marc:subfield code="e">Verfasser/-in</marc:subfield>
   </marc:datafield>
   <marc:datafield ind1=" " ind2=" " tag="653">
      <marc:subfield code="a">Der Bücherbär</marc:subfield>
   </marc:datafield>
   <marc:datafield ind1=" " ind2=" " tag="653">
      <marc:subfield code="a">2. Lesestufe</marc:subfield>
   </marc:datafield>
   <marc:datafield ind1=" " ind2=" " tag="653">
      <marc:subfield code="a">Rategeschichten</marc:subfield>
   </marc:datafield>
   <marc:datafield ind1="0" ind2="0" tag="245">
      <marc:subfield code="a">Grips &amp; Grübel und die verlixte Wette</marc:subfield>
   </marc:datafield>
   <marc:datafield ind1="0" ind2="0" tag="245">
      <marc:subfield code="b">clevere Rategeschichten [ab 7]</marc:subfield>
   </marc:datafield>
   <marc:datafield ind1="0" ind2="0" tag="245">
      <marc:subfield code="c">Christian Bieniek; Marlene Jablonski</marc:subfield>
   </marc:datafield>
   <marc:datafield ind1=" " ind2="1" tag="264">
      <marc:subfield code="a">Würzburg</marc:subfield>
      <marc:subfield code="b">Ennslin im Arena-Verl.</marc:subfield>
      <marc:subfield code="c">2002</marc:subfield>
   </marc:datafield>
   <marc:datafield ind1="1" ind2=" " tag="520">
      <marc:subfield code="a">Die Schulkameraden Grips und Grübel - eigentlich heissen sie ja Heinz und Walter - sind clevere Rätsellöser und bilden ein gutes Team. Grips redet viel und ist dabei auch klug, Grübel schweigt gerne und denkt viel nach, wenn er sich schweren Rätselfragen widmet. Im vorliegenden Band sehen sich die beiden Jungen in 5 jeweils etwa 12 Seiten umfassenden Geschichten vor knifflige und zugleich lustige Fragen aus dem Schulalltag gestellt. Die Lösungen kann der Leser jeweils aus cartoonartigen und lebendig-frechen Farbabbildungen "herauslesen". Neben kleinen, textbegleitenden Zeichnungen findet sich am Ende jeder Story eine seitenfüllende Illustration, die in sich - mehr oder weniger schwierig verschlüsselt - die Rätsellösung birgt. Dieses anregende und unterhaltsame Buch, dessen Text in Fibelschrift gesetzt ist, eignet sich für junge Leser ab der 2., 3. Klasse. Mal was anderes! - Empfohlen.</marc:subfield>
   </marc:datafield>
   <marc:datafield ind1=" " ind2=" " tag="020">
      <marc:subfield code="a">9783401083247</marc:subfield>
      <marc:subfield code="9">9783401083247</marc:subfield>
   </marc:datafield>
   <marc:datafield ind1=" " ind2=" " tag="041">
      <marc:subfield code="a">ger</marc:subfield>
   </marc:datafield>
</marc:record>
